Personnages dans la série The Boys - Statistiques

Statistiques générales
  • Ce quiz a été pris 53 fois
    52 depuis la dernière actualisation
  • Le résultat moyen est 21 sur 34
Statistiques - réponses
Par images Réponse % Correct
Le protecteur
100%
William Butcher
100%
Annie January
98%
Black Noir
98%
Frenchie
98%
A-Train
93%
La Crème
93%
Le petit Soldat
93%
L'Homme-poisson
93%
Hughie Campbell
91%
Reine Maeve
89%
Kimiko Miyashiro
87%
Ashley Barrett
76%
Stormfront
76%
Victoria Neuman
72%
Ryan Butcher
70%
Becca Butcher
61%
Firecracker
61%
Stan Edgar
61%
Translucide
61%
Sister Sage
52%
La Torche
41%
Cherie
37%
Janine
37%
Madelyn Stillwell
37%
Monique
35%
Popclaw
33%
Shockwave
33%
Supersonic
33%
Grace Mallory
30%
Joe Kessler
30%
Elena
22%
Robert A. Singer
17%
Donna January
11%
Aucun quiz correspondant
Distribution des résultats
% des personnes avec chaque résultat
Percentile par nombre de réponses
Votre historique - résultats
Vous n’avez pas pris ce quiz depuis la dernière actualisation